[Event "Satka Autumn 2019"]
[Site "Satka"]
[Date "2019.09.19"]
[Round "1.1"]
[White "Guseva, Marina"]
[Black "Svetlova, Ksenia"]
[Result "1-0"]
[WhiteElo "2374"]
[BlackElo "1875"]
[Annotator "TA"]
[PlyCount "69"]
[EventDate "2019.09.19"]
[EventType "swiss"]
[EventCountry "RUS"]
[SourceTitle "playchess.com"]
[Source "ChessBase"]
[SourceQuality "1"]

{[%evp 22,151,38,33,70,40,61,18,47,56,69,66,74,60,64,70,88,84,112,112,137,137,142,94,368,364,366,360,425,416,399,410,514,504,482,439,403,308,306,202,215,207,217,217,208,195,185,176,200,104,162,121,199,202,206,0,0,0,0,0,0,0,0,-75,0,0,128,128,127,124,135,135,177,177,197,170,295,295,295,295,295,281,281,273,321,321,332,332,314,281,281,281,372,273,281,281,281,281,281,275,273,273,273,273,664,664,720,739,716,742,742,727,611,658,729,713,658,652,650,650,584,333,973,959,29958,29956,29965,29966,29956,4766,29970,29970]} 1. d4 Nf6 2. c4 e5 3. dxe5 Ng4 4. Bf4 Nc6 5. Nf3 Bb4+ 6. Nbd2 Qe7 7. e3 Ngxe5 8. Nxe5 Nxe5 9. Be2 O-O 10. O-O Bxd2 11. Qxd2 d6 12. b4 b6 {A52: Budapest Gambit} (12... Rd8 13. Qc3 b6 14. c5 Bb7 15. Bg3 f6 16. Rfc1 Kh8 17. a4 dxc5 18. bxc5 Rd5 19. Qa3 Rad8 20. c6 Qxa3 21. Rxa3 Nxc6 {½-½ (45) Heberla,B (2551)-Fridman,R (2463) Germany 2018}) 13. Rfd1 Bb7 14. Qc3 $146 ({Predecessor:} 14. c5 dxc5 15. bxc5 Ng6 16. Bg3 Rfd8 {1-0 (17) Noskov,V (2240)-Rensen,M (2001) LSS email 2010}) 14... Ng6 {The position is equal.} 15. Bg3 Rfd8 16. c5 dxc5 17. bxc5 Bd5 18. Rdc1 h6 19. a4 {[%cal Ba2a4,Ba4a5][%mdl 32]} Re8 20. a5 Qg5 21. Bf1 h5 22. h3 Re6 $2 {[%mdl 8192]} (22... b5 $16 {was called for.}) 23. axb6 $18 cxb6 24. cxb6 Rxb6 25. Ra5 Ne7 26. Qd4 Qf5 27. Bh4 f6 28. Rxd5 Nxd5 29. Bc4 Rd8 30. Rd1 {[%cal Rc4d5]} ({Weaker is} 30. e4 Qf4 $15) 30... Rb1 31. Rxb1 $1 Qxb1+ 32. Kh2 Qb6 {aiming for ...Qxd4.} 33. Qxb6 axb6 {[%mdl 4096] Endgame KRN-KB} 34. e4 {[%mdl 64] Pin} b5 35. Bxd5+ {Played: Bc4-b3} 1-0

[Event "Satka Autumn 2019"]
[Site "Satka"]
[Date "2019.09.19"]
[Round "1.2"]
[White "Matsenko, Elena"]
[Black "Charochkina, Daria"]
[Result "0-1"]
[WhiteElo "1841"]
[BlackElo "2360"]
[Annotator "ChessBase"]
[PlyCount "76"]
[EventDate "2019.09.19"]
[EventType "swiss"]
[EventCountry "RUS"]
[SourceTitle "playchess.com"]
[Source "ChessBase"]
[SourceQuality "1"]
[TimeControl "5400+30"]

1. e4 {[%emt 0:00:00]} d6 {[%emt 0:00:00]} 2. d4 {[%emt 0:00:00]} Nf6 {[%emt 0:00:03]} 3. Nc3 {[%emt 0:00:00]} c6 {[%emt 0:00:09]} 4. h3 {[%emt 0:00:40]} b5 {[%emt 0:00:45]} 5. a3 {[%emt 0:00:36]} Nbd7 {[%emt 0:00:46]} 6. Nf3 {[%emt 0:00:20]} Qc7 {[%emt 0:00:53]} 7. Bd3 {[%emt 0:01:39]} g6 {[%emt 0:01:31]} 8. O-O {[%emt 0:01:24]} Bg7 {[%emt 0:02:03]} 9. Re1 {[%emt 0:03:29]} O-O {[%emt 0:05:48]} 10. Bf4 {[%emt 0:04:09]} e5 {[%emt 0:00:49]} 11. Be3 {[%emt 0:00:59]} a6 {[%emt 0:02:40]} 12. dxe5 {[%emt 0:06:45]} dxe5 {[%emt 0:00:34]} 13. Bf1 {[%emt 0:01:33]} Bb7 {[%emt 0:00:50]} 14. Nd2 {[%emt 0:07:37]} c5 {[%emt 0:03:50]} 15. f3 {[%emt 0:01:32]} c4 {[%emt 0:01:35]} 16. Qe2 {[%emt 0:02:03]} Nh5 {[%emt 0:02:13]} 17. Qf2 {[%emt 0:01:54]} Nf4 {[%emt 0:03:17]} 18. Rac1 {[%emt 0:02:44]} Rfd8 {[%emt 0:00:53]} 19. b3 {[%emt 0:01:13]} cxb3 {[%emt 0:07:17]} 20. cxb3 {[%emt 0:00:06]} Qd6 {[%emt 0:00:07]} 21. b4 {[%emt 0:01:28]} Qe6 {[%emt 0:24:59]} 22. a4 {[%emt 0:05:18]} Bf8 {[%emt 0:00:05]} 23. axb5 {[%emt 0:00:28]} Bxb4 {[%emt 0:00:07]} 24. bxa6 {[%emt 0:00:29]} Bxa6 {[%emt 0:00:10]} 25. Bxa6 {[%emt 0:00:37]} Rxa6 {[%emt 0:03:52]} 26. Bxf4 {[%emt 0:00:10]} Bxc3 {[%emt 0:00:27]} 27. Rxc3 {[%emt 0:00:32]} exf4 {[%emt 0:00:10]} 28. Rec1 {[%emt 0:05:56]} Ne5 {[%emt 0:01:40]} 29. Qe2 {[%emt 0:03:55]} Ra2 {[%emt 0:01:13]} 30. R1c2 {[%emt 0:04:54]} Qb6+ {[%emt 0:00:44]} 31. Kh2 {[%emt 0:00:47]} Ra1 {[%emt 0:00:11]} 32. Rc1 {[%emt 0:01:28]} Rxc1 {[%emt 0:01:29]} 33. Rxc1 {[%emt 0:00:04]} Qb2 {[%emt 0:00:23]} 34. Rd1 {[%emt 0:00:33]} Qc2 {[%emt 0:02:38]} 35. Qe1 {[%emt 0:01:31]} Nc4 {[%emt 0:01:26]} 36. Rc1 {[%emt 0:01:33]} Qxd2 {[%emt 0:00:15]} 37. Qxd2 {[%emt 0:00:05]} Nxd2 {[%emt 0:00:06]} 38. h4 {[%emt 0:00:12]} h5 {[%emt 0:00:24]} 0-1

[Event "Satka Autumn 2019"]
[Site "Satka"]
[Date "2019.09.19"]
[Round "1.3"]
[White "Borisova, Ekaterina"]
[Black "Zyapaeva, Polina"]
[Result "1-0"]
[WhiteElo "2307"]
[BlackElo "1808"]
[Annotator "TA"]
[PlyCount "95"]
[EventDate "2019.09.19"]
[EventType "swiss"]
[EventCountry "RUS"]
[SourceTitle "playchess.com"]
[Source "ChessBase"]
[SourceQuality "1"]

{[%evp 14,95,89,56,83,77,75,77,72,53,72,44,62,41,45,12,20,18,32,32,58,73,71,75,79,76,103,96,112,76,75,3,74,71,126,81,98,56,88,81,88,71,156,162,177,177,179,174,176,166,225,215,225,228,239,229,207,241,328,218,513,431,572,630,685,661,1223,595,1504,1450,29973,29966,29968,29969,29968,29970,4990,1859,29989,29990,29990,29991,29995,29996]} 1. d4 Nf6 2. c4 c5 3. d5 e5 4. Nc3 d6 5. e4 Be7 6. Bd3 Nbd7 7. Nge2 O-O 8. O-O Ne8 {A56: Czech Benoni} 9. a3 Bg5 10. Rb1 (10. b4 Bxc1 11. Qxc1 b6 12. Rb1 cxb4 13. axb4 a5 14. Qc2 axb4 15. Rxb4 Nc5 16. Na4 Bd7 17. Nxb6 Ra3 18. Nc3 Nf6 19. Rfb1 {1-0 (54) Anand,V (2801)-Korotylev,A (2600) Moscow 2007}) 10... g6 $146 {White is better.} ({Predecessor:} 10... Bxc1 11. Qxc1 Qe7 12. b3 g6 13. Rb2 Ng7 14. Ng3 f5 15. exf5 gxf5 16. f4 {1-0 (54) Weidel,A (2096)-Roe,S (2224) Bregenz 2018}) 11. b4 Ng7 12. Bb2 Nh5 13. Na4 b6 14. bxc5 bxc5 15. Nac3 Nb6 16. a4 Ba6 17. Nb5 Qd7 18. Bc3 Rab8 19. Qc2 Bxb5 20. axb5 Rb7 21. Bd2 Qe7 22. Nc1 (22. f3 $16) 22... Bf4 (22... Bxd2 $11 23. Qxd2 f5) 23. Nb3 Qg5 (23... Bxd2 $142 24. Qxd2 Nf4) 24. g3 f5 25. Kh1 (25. Be1 {keeps more tension.} fxe4 26. Bxe4 Rbf7 27. Bg2 Qg4 28. Na5) 25... Bxd2 26. Qxd2 f4 27. f3 Qd8 ({Better is} 27... Qh6) 28. g4 $16 Nf6 29. Na5 Rbf7 30. Nc6 Qd7 31. Ra1 Nc8 {[#]} (31... g5 $142 32. Rxa7 Qxa7 33. Nxa7 Rxa7) 32. g5 $1 $18 {[%cal Rg5f6]} Nh5 33. Qg2 Kh8 34. Rg1 Rg8 35. Bf1 h6 36. Qg4 Qc7 $2 (36... Qxg4 {was worth a try.} 37. fxg4 hxg5) 37. Bh3 hxg5 38. Qxg5 Rh7 {Black hopes to continue with ...Ng3+.} 39. Be6 Rgg7 {[#]} 40. Nxa7 $1 {[%mdl 512]} Ne7 (40... Nxa7 41. Rxa7) 41. Nc6 {White threatens Nxe7 and mate.} Nxc6 42. dxc6 Qb8 {[#]} 43. b6 $1 {[%mdl 512]} Ng3+ (43... Qxb6 44. Ra8+) 44. Rxg3 fxg3 45. Qxg3 (45. c7 $142 Rxc7 46. bxc7 Rxc7 47. Qxg6 g2+ 48. Qxg2) 45... Rxh2+ 46. Kxh2 {White mates.} Rh7+ 47. Kg2 Qxb6 48. Ra8+ {Accuracy: White = 55%, Black = 27%.} 1-0

[Event "Satka Autumn 2019"]
[Site "Satka"]
[Date "2019.09.19"]
[Round "1.4"]
[White "Lebedeva, Lubov E."]
[Black "Semenova, Elena"]
[Result "1/2-1/2"]
[WhiteElo "1802"]
[BlackElo "2303"]
[Annotator "NA"]
[PlyCount "182"]
[EventDate "2019.09.19"]
[EventType "swiss"]
[EventCountry "RUS"]
[SourceTitle "playchess.com"]
[Source "ChessBase"]
[SourceQuality "1"]
[TimeControl "5400+30"]

1. e4 {[%emt 0:00:00]} Nf6 {[%emt 0:00:00]} 2. e5 {[%emt 0:00:45]} Nd5 {[%emt 0:00:00]} 3. d4 {[%emt 0:00:14]} d6 {[%emt 0:00:14]} 4. Nf3 {[%emt 0:01:08]} Bg4 {[%emt 0:01:37]} 5. Be2 {[%emt 0:03:32]} e6 {[%emt 0:04:14]} 6. h3 {[%emt 0:01:41]} Bh5 {[%emt 0:01:16]} 7. Nc3 {[%emt 0:04:42]} Nxc3 {[%emt 0:11:13]} 8. bxc3 {[%emt 0:00:09]} Nd7 {[%emt 0:03:50]} 9. O-O {[%emt 0:04:14]} d5 {[%emt 0:11:10]} 10. a4 {[%emt 0:08:22]} a5 {[%emt 0:05:46]} 11. c4 {[%emt 0:05:10]} dxc4 {[%emt 0:02:53]} 12. Bxc4 {[%emt 0:05:43]} Nb6 {[%emt 0:00:37]} 13. Be2 {[%emt 0:02:56]} Bb4 {[%emt 0:07:14]} 14. Bd2 {[%emt 0:09:10]} O-O {[%emt 0:06:51]} 15. c3 {[%emt 0:04:07]} Be7 {[%emt 0:00:14]} 16. Qb3 {[%emt 0:01:13]} Bg6 {[%emt 0:04:04]} 17. c4 {[%emt 0:06:10]} Be4 {[%emt 0:02:25]} 18. Rfd1 {[%emt 0:10:01]} Bc6 {[%emt 0:03:09]} 19. c5 {[%emt 0:08:57]} Nd5 {[%emt 0:11:50]} 20. Bb5 {[%emt 0:11:46]} Qd7 {[%emt 0:01:37]} 21. Bxc6 {[%emt 0:02:16]} Qxc6 {[%emt 0:00:33]} 22. Rdc1 {[%emt 0:04:22]} Rfb8 {[%emt 0:02:51]} 23. Ne1 {[%emt 0:03:15]} b5 {[%emt 0:06:46]} 24. cxb6 {[%emt 0:00:11]} Qxb6 {[%emt 0:00:30]} 25. Qxb6 {[%emt 0:00:23]} cxb6 {[%emt 0:07:30]} 26. Nd3 {[%emt 0:00:08]} Rc8 {[%emt 0:00:52]} 27. g3 {[%emt 0:01:35]} Kf8 {[%emt 0:00:22]} 28. Nf4 {[%emt 0:00:48]} Nxf4 {[%emt 0:00:36]} 29. Bxf4 {[%emt 0:00:02]} Bb4 {[%emt 0:00:18]} 30. Be3 {[%emt 0:00:08]} Ke7 {[%emt 0:01:23]} 31. Kf1 {[%emt 0:00:19]} Kd7 {[%emt 0:00:53]} 32. Ke2 {[%emt 0:00:13]} Rab8 {[%emt 0:01:15]} 33. Kd3 {[%emt 0:00:36]} Rxc1 {[%emt 0:00:32]} 34. Bxc1 {[%emt 0:01:33]} Rc8 {[%emt 0:00:28]} 35. Bb2 {[%emt 0:00:37]} Rc6 {[%emt 0:00:34]} 36. f3 {[%emt 0:00:15]} Kc7 {[%emt 0:01:23]} 37. Rc1 {[%emt 0:00:11]} Rxc1 {[%emt 0:00:50]} 38. Bxc1 {[%emt 0:00:02]} Kc6 {[%emt 0:00:28]} 39. Kc4 {[%emt 0:00:07]} Be7 {[%emt 0:00:22]} 40. g4 {[%emt 0:00:00]} g6 {[%emt 0:00:00]} 41. f4 {[%emt 0:00:00]} Bh4 {[%emt 0:00:00]} 42. Be3 {[%emt 0:00:00]} Bg3 {[%emt 0:00:00]} 43. Bd2 {[%emt 0:00:00]} Bf2 {[%emt 0:00:00]} 44. Bc1 {[%emt 0:00:00]} h5 {[%emt 0:00:00]} 45. Bd2 {[%emt 0:00:00]} Bh4 {[%emt 0:00:00]} 46. Be3 {[%emt 0:00:00]} Be1 {[%emt 0:00:00]} 47. gxh5 {[%emt 0:00:26]} gxh5 {[%emt 0:00:00]} 48. Bc1 {[%emt 0:01:01]} Bb4 {[%emt 0:00:54]} 49. Be3 {[%emt 0:00:19]} Be7 {[%emt 0:00:29]} 50. f5 {[%emt 0:00:35]} exf5 {[%emt 0:01:37]} 51. d5+ {[%emt 0:00:23]} Kd7 {[%emt 0:02:40]} 52. Bxb6 {[%emt 0:00:23]} Bb4 {[%emt 0:00:16]} 53. Kd3 {[%emt 0:01:45]} Be1 {[%emt 0:00:51]} 54. Bd4 {[%emt 0:01:12]} h4 {[%emt 0:00:57]} 55. Ke2 {[%emt 0:01:07]} Bg3 {[%emt 0:00:27]} 56. Bc3 {[%emt 0:00:32]} Ke7 {[%emt 0:00:29]} 57. Bxa5 {[%emt 0:00:56]} Bxe5 {[%emt 0:00:04]} 58. Bb4+ {[%emt 0:00:29]} Bd6 {[%emt 0:00:54]} 59. Bc3 {[%emt 0:00:36]} Bc5 {[%emt 0:00:25]} 60. Be5 {[%emt 0:01:15]} Bd6 {[%emt 0:00:37]} 61. Bd4 {[%emt 0:00:12]} Bb4 {[%emt 0:00:19]} 62. Bb6 {[%emt 0:00:33]} Kd6 {[%emt 0:00:38]} 63. a5 {[%emt 0:00:12]} Kxd5 {[%emt 0:00:33]} 64. a6 {[%emt 0:00:08]} Kc6 {[%emt 0:00:07]} 65. Bf2 {[%emt 0:00:15]} Be7 {[%emt 0:00:32]} 66. Kf3 {[%emt 0:01:38]} Bg5 {[%emt 0:00:09]} 67. Bd4 {[%emt 0:00:39]} Kc7 {[%emt 0:00:37]} 68. a7 {[%emt 0:01:01]} Kb7 {[%emt 0:00:04]} 69. Bf2 {[%emt 0:00:36]} Ka8 {[%emt 0:00:35]} 70. Ke2 {[%emt 0:00:20]} Kb7 {[%emt 0:00:33]} 71. Kd3 {[%emt 0:00:24]} Ka8 {[%emt 0:00:51]} 72. Kc4 {[%emt 0:00:09]} Kb7 {[%emt 0:00:37]} 73. Kd5 {[%emt 0:00:22]} Bf6 {[%emt 0:00:32]} 74. Kd6 {[%emt 0:00:24]} Ka8 {[%emt 0:00:48]} 75. Kd7 {[%emt 0:01:38]} Be5 {[%emt 0:00:29]} 76. Bxh4 {[%emt 0:00:22]} Kxa7 {[%emt 0:00:22]} 77. Bf2+ {[%emt 0:00:12]} Kb7 {[%emt 0:00:16]} 78. h4 {[%emt 0:00:31]} Bf6 {[%emt 0:00:59]} 79. h5 {[%emt 0:00:16]} Bg5 {[%emt 0:00:12]} 80. Ke8 {[%emt 0:00:18]} f6 {[%emt 0:00:53]} 81. Kd7 {[%emt 0:01:28]} f4 {[%emt 0:00:18]} 82. Ke6 {[%emt 0:00:21]} Kc6 {[%emt 0:00:11]} 83. h6 {[%emt 0:00:38]} Bxh6 {[%emt 0:00:04]} 84. Kxf6 {[%emt 0:00:03]} Kd5 {[%emt 0:00:16]} 85. Kf5 {[%emt 0:00:13]} f3 {[%emt 0:00:21]} 86. Ba7 {[%emt 0:01:24]} Bc1 {[%emt 0:00:30]} 87. Bf2 {[%emt 0:00:24]} Bd2 {[%emt 0:00:05]} 88. Ba7 {[%emt 0:00:15]} Bh6 {[%emt 0:00:50]} 89. Bf2 {[%emt 0:00:14]} Bd2 {[%emt 0:00:54]} 90. Ba7 {[%emt 0:00:10]} Bc1 {[%emt 0:00:40]} 91. Bf2 {[%emt 0:00:15]} Bh6 1/2-1/2

[Event "Satka Autumn 2019"]
[Site "Satka"]
[Date "2019.09.19"]
[Round "1.5"]
[White "Bykova, Anastasia"]
[Black "Shamsutdinova, Karina"]
[Result "1-0"]
[WhiteElo "2259"]
[BlackElo "1747"]
[Annotator "ChessBase"]
[PlyCount "81"]
[EventDate "2019.09.19"]
[EventType "swiss"]
[EventCountry "RUS"]
[SourceTitle "playchess.com"]
[Source "ChessBase"]
[SourceQuality "1"]
[TimeControl "5400+30"]

1. Nf3 {[%emt 0:00:00]} Nf6 {[%emt 0:00:03]} 2. g3 {[%emt 0:00:00]} g6 {[%emt 0:00:49]} 3. b3 {[%emt 0:00:00]} Bg7 {[%emt 0:01:12]} 4. Bb2 {[%emt 0:00:00]} b6 {[%emt 0:01:54]} 5. c4 {[%emt 0:00:18]} c5 {[%emt 0:02:22]} 6. Bg2 {[%emt 0:00:17]} Bb7 {[%emt 0:00:13]} 7. O-O {[%emt 0:06:32]} O-O {[%emt 0:01:42]} 8. Nc3 {[%emt 0:00:36]} e6 {[%emt 0:04:43]} 9. Qc2 {[%emt 0:07:33]} d5 {[%emt 0:05:46]} 10. cxd5 {[%emt 0:00:35]} Nxd5 {[%emt 0:08:54]} 11. Nxd5 {[%emt 0:00:42]} Bxd5 {[%emt 0:01:52]} 12. Bxg7 {[%emt 0:00:22]} Kxg7 {[%emt 0:00:08]} 13. Rfd1 {[%emt 0:10:43]} Qf6 {[%emt 0:10:01]} 14. e4 {[%emt 0:00:46]} Bb7 {[%emt 0:02:13]} 15. e5 {[%emt 0:00:34]} Qe7 {[%emt 0:03:09]} 16. d4 {[%emt 0:00:26]} cxd4 {[%emt 0:07:30]} 17. Nxd4 {[%emt 0:00:14]} Rg8 {[%emt 0:12:27]} 18. Rac1 {[%emt 0:01:17]} Bxg2 {[%emt 0:03:06]} 19. Kxg2 {[%emt 0:00:05]} Na6 {[%emt 0:03:01]} 20. a3 {[%emt 0:08:27]} Qb7+ {[%emt 0:05:18]} 21. Qc6 {[%emt 0:05:00]} Qxc6+ {[%emt 0:04:18]} 22. Rxc6 {[%emt 0:00:13]} Rad8 {[%emt 0:04:05]} 23. Rd6 {[%emt 0:01:05]} Nc5 {[%emt 0:06:38]} 24. Nc6 {[%emt 0:08:01]} Ra8 {[%emt 0:06:05]} 25. b4 {[%emt 0:00:14]} Na6 {[%emt 0:02:13]} 26. Nd8 {[%emt 0:04:36]} Rf8 {[%emt 0:01:15]} 27. Rd7 {[%emt 0:04:46]} Kg8 {[%emt 0:00:05]} 28. Nc6 {[%emt 0:00:10]} Nb8 {[%emt 0:00:50]} 29. Ne7+ {[%emt 0:00:11]} Kg7 {[%emt 0:00:24]} 30. Rd8 {[%emt 0:00:08]} a5 {[%emt 0:01:40]} 31. b5 {[%emt 0:00:30]} Ra7 {[%emt 0:00:52]} 32. Rxf8 {[%emt 0:01:48]} Kxf8 {[%emt 0:00:05]} 33. Nc8 {[%emt 0:03:59]} Rd7 {[%emt 0:00:34]} 34. Rc1 {[%emt 0:00:04]} Kg7 {[%emt 0:00:44]} 35. a4 {[%emt 0:01:09]} Rb7 {[%emt 0:00:13]} 36. Nd6 {[%emt 0:00:05]} Ra7 {[%emt 0:00:43]} 37. Ne8+ {[%emt 0:14:04]} Kh6 {[%emt 0:00:48]} 38. f4 {[%emt 0:00:56]} Nd7 {[%emt 0:00:30]} 39. Rc8 {[%emt 0:01:07]} Nc5 {[%emt 0:00:34]} 40. Nf6 {[%emt 0:00:00]} g5 {[%emt 0:00:00]} 41. Rg8 {[%emt 0:00:00]} 1-0

[Event "Satka Autumn 2019"]
[Site "Satka"]
[Date "2019.09.19"]
[Round "1.6"]
[White "Lebedeva, Ulyana"]
[Black "Lysenko, Margarita"]
[Result "0-1"]
[WhiteElo "1660"]
[BlackElo "2249"]
[Annotator "ChessBase"]
[PlyCount "98"]
[EventDate "2019.09.19"]
[EventType "swiss"]
[EventCountry "RUS"]
[SourceTitle "playchess.com"]
[Source "ChessBase"]
[SourceQuality "1"]
[TimeControl "5400+30"]

1. d4 {[%emt 0:00:00]} Nf6 {[%emt 0:00:00]} 2. Nf3 {[%emt 0:00:00]} e6 {[%emt 0:00:08]} 3. c4 {[%emt 0:00:00]} b6 {[%emt 0:01:32]} 4. g3 {[%emt 0:01:05]} Ba6 {[%emt 0:00:36]} 5. Qc2 {[%emt 0:00:41]} c5 {[%emt 0:03:10]} 6. Bg2 {[%emt 0:04:02]} Bb7 {[%emt 0:02:14]} 7. O-O {[%emt 0:00:32]} Be4 {[%emt 0:08:15]} 8. Qd1 {[%emt 0:09:43]} cxd4 {[%emt 0:00:34]} 9. Nxd4 {[%emt 0:01:02]} Bxg2 {[%emt 0:00:42]} 10. Kxg2 {[%emt 0:00:02]} Be7 {[%emt 0:03:31]} 11. Nb5 {[%emt 0:05:31]} O-O {[%emt 0:13:29]} 12. Bf4 {[%emt 0:00:53]} a6 {[%emt 0:22:20]} 13. N5c3 {[%emt 0:09:16]} Qc8 {[%emt 0:07:28]} 14. Qb3 {[%emt 0:02:28]} Qb7+ {[%emt 0:06:11]} 15. Kg1 {[%emt 0:00:23]} Nc6 {[%emt 0:01:30]} 16. Be3 {[%emt 0:08:09]} Rab8 {[%emt 0:02:02]} 17. Na4 {[%emt 0:05:13]} b5 {[%emt 0:01:57]} 18. cxb5 {[%emt 0:02:29]} axb5 {[%emt 0:00:17]} 19. Nc5 {[%emt 0:01:05]} Qa8 {[%emt 0:06:30]} 20. Nd2 {[%emt 0:02:40]} Rfd8 {[%emt 0:04:56]} 21. f3 {[%emt 0:05:37]} d6 {[%emt 0:04:27]} 22. Nce4 {[%emt 0:01:24]} Nd7 {[%emt 0:02:25]} 23. Bf4 {[%emt 0:08:48]} Nde5 {[%emt 0:02:27]} 24. Rfc1 {[%emt 0:03:41]} d5 {[%emt 0:01:06]} 25. Nf2 {[%emt 0:03:47]} Bd6 {[%emt 0:01:05]} 26. Be3 {[%emt 0:03:33]} Nc4 {[%emt 0:01:59]} 27. Nxc4 {[%emt 0:04:52]} bxc4 {[%emt 0:00:09]} 28. Qd1 {[%emt 0:01:05]} Rxb2 {[%emt 0:00:37]} 29. Rc2 {[%emt 0:00:59]} Rdb8 {[%emt 0:00:57]} 30. a4 {[%emt 0:06:09]} Rxc2 {[%emt 0:01:13]} 31. Qxc2 {[%emt 0:00:02]} Be5 {[%emt 0:00:10]} 32. Rb1 {[%emt 0:00:34]} Rxb1+ {[%emt 0:00:20]} 33. Qxb1 {[%emt 0:00:07]} Qxa4 {[%emt 0:00:56]} 34. Qb7 {[%emt 0:01:08]} h6 {[%emt 0:01:00]} 35. Ng4 {[%emt 0:00:56]} Qd1+ {[%emt 0:00:43]} 36. Kf2 {[%emt 0:00:03]} Qa4 {[%emt 0:00:30]} 37. Nxe5 {[%emt 0:00:24]} Nxe5 {[%emt 0:00:01]} 38. Qb8+ {[%emt 0:00:08]} Kh7 {[%emt 0:00:08]} 39. Qxe5 {[%emt 0:00:10]} Qd7 {[%emt 0:00:08]} 40. Qc3 {[%emt 0:00:00]} f6 {[%emt 0:00:00]} 41. f4 {[%emt 0:00:00]} e5 {[%emt 0:00:00]} 42. Bd2 {[%emt 0:00:00]} Qf5 {[%emt 0:00:00]} 43. e3 {[%emt 0:00:00]} Qe4 {[%emt 0:00:00]} 44. Bc1 {[%emt 0:00:00]} Qh1 {[%emt 0:00:00]} 45. h4 {[%emt 0:00:02]} Qh2+ {[%emt 0:00:00]} 46. Kf3 {[%emt 0:06:29]} e4+ {[%emt 0:00:00]} 47. Kg4 {[%emt 0:00:16]} h5+ {[%emt 0:00:00]} 48. Kxh5 {[%emt 0:01:45]} Qe2+ {[%emt 0:00:00]} 49. g4 {[%emt 0:00:09]} g6# {[%emt 0:00:00]} 0-1

[Event "Satka Autumn 2019"]
[Site "Satka"]
[Date "2019.09.19"]
[Round "1.7"]
[White "Prudnikova, Svetlana"]
[Black "Kalenichenko, Alina"]
[Result "1-0"]
[WhiteElo "2234"]
[BlackElo "1597"]
[Annotator "ChessBase"]
[PlyCount "65"]
[EventDate "2019.09.19"]
[EventType "swiss"]
[EventCountry "RUS"]
[SourceTitle "playchess.com"]
[Source "ChessBase"]
[SourceQuality "1"]
[TimeControl "5400+30"]

1. d4 {[%emt 0:00:00]} Nf6 {[%emt 0:00:00]} 2. c4 {[%emt 0:00:00]} g6 {[%emt 0:00:00]} 3. Nc3 {[%emt 0:00:00]} Bg7 {[%emt 0:00:00]} 4. e4 {[%emt 0:00:01]} d6 {[%emt 0:00:05]} 5. Be2 {[%emt 0:00:20]} O-O {[%emt 0:00:13]} 6. Nf3 {[%emt 0:00:05]} Nbd7 {[%emt 0:00:11]} 7. O-O {[%emt 0:00:58]} e5 {[%emt 0:00:09]} 8. Be3 {[%emt 0:02:43]} Re8 {[%emt 0:00:30]} 9. d5 {[%emt 0:00:59]} Nc5 {[%emt 0:00:18]} 10. Nd2 {[%emt 0:00:22]} a5 {[%emt 0:00:29]} 11. a3 {[%emt 0:03:01]} h5 {[%emt 0:05:23]} 12. f3 {[%emt 0:02:39]} h4 {[%emt 0:02:06]} 13. b4 {[%emt 0:10:46]} axb4 {[%emt 0:01:29]} 14. axb4 {[%emt 0:00:01]} Rxa1 {[%emt 0:00:12]} 15. Qxa1 {[%emt 0:00:01]} Na6 {[%emt 0:00:14]} 16. Rb1 {[%emt 0:01:45]} Nh5 {[%emt 0:01:18]} 17. Bf1 {[%emt 0:01:47]} Nf4 {[%emt 0:01:04]} 18. c5 {[%emt 0:05:06]} Bh6 {[%emt 0:02:19]} 19. Kh1 {[%emt 0:01:08]} Kh7 {[%emt 0:14:08]} 20. Nc4 Nh5 {[%emt 0:03:21]} 21. Bxh6 {[%emt 0:15:35]} Ng3+ {[%emt 0:01:01]} 22. Kg1 {[%emt 0:00:08]} Nxf1 {[%emt 0:00:12]} 23. Bc1 {[%emt 0:10:47]} h3 {[%emt 0:01:37]} 24. Kxf1 {[%emt 0:09:42]} hxg2+ {[%emt 0:00:20]} 25. Kg1 {[%emt 0:06:19]} dxc5 {[%emt 0:01:23]} 26. bxc5 {[%emt 0:01:37]} Qh4 {[%emt 0:07:22]} 27. Be3 {[%emt 0:01:12]} f5 {[%emt 0:03:00]} 28. c6 {[%emt 0:08:47]} bxc6 {[%emt 0:01:31]} 29. dxc6 {[%emt 0:05:15]} Rh8 {[%emt 0:03:03]} 30. Nd5 {[%emt 0:04:39]} fxe4 {[%emt 0:05:35]} 31. Qxe5 {[%emt 0:00:52]} Kg8 {[%emt 0:02:07]} 32. Bg5 {[%emt 0:03:17]} Qh3 {[%emt 0:03:52]} 33. Qe8+ {[%emt 0:00:50]} 1-0

[Event "Satka Autumn 2019"]
[Site "Satka"]
[Date "2019.09.19"]
[Round "1.8"]
[White "Krylova, Mariya"]
[Black "Benderac, Ana"]
[Result "0-1"]
[WhiteElo "1543"]
[BlackElo "2228"]
[Annotator "ChessBase"]
[PlyCount "74"]
[EventDate "2019.09.19"]
[EventType "swiss"]
[EventCountry "RUS"]
[SourceTitle "playchess.com"]
[Source "ChessBase"]
[SourceQuality "1"]
[TimeControl "5400+30"]

1. e4 {[%emt 0:00:00]} g6 {[%emt 0:00:00]} 2. d4 {[%emt 0:00:00]} Bg7 {[%emt 0:00:00]} 3. h4 {[%emt 0:00:00]} d5 {[%emt 0:00:47]} 4. exd5 {[%emt 0:00:17]} Qxd5 {[%emt 0:00:12]} 5. Nf3 {[%emt 0:01:04]} Bg4 {[%emt 0:06:01]} 6. Be2 {[%emt 0:01:40]} c6 {[%emt 0:03:55]} 7. Be3 {[%emt 0:02:47]} Nh6 {[%emt 0:04:46]} 8. Nbd2 {[%emt 0:09:26]} Nf5 {[%emt 0:14:15]} 9. c3 {[%emt 0:03:10]} Nxe3 {[%emt 0:05:47]} 10. fxe3 {[%emt 0:00:06]} h5 {[%emt 0:00:46]} 11. Qb3 {[%emt 0:07:33]} Qxb3 {[%emt 0:01:26]} 12. axb3 {[%emt 0:01:49]} Nd7 {[%emt 0:00:22]} 13. b4 {[%emt 0:00:54]} Bh6 {[%emt 0:12:09]} 14. e4 {[%emt 0:11:41]} O-O {[%emt 0:09:12]} 15. Nc4 {[%emt 0:03:05]} Nf6 {[%emt 0:03:16]} 16. Bd3 {[%emt 0:06:28]} a6 {[%emt 0:01:33]} 17. Nfe5 {[%emt 0:13:37]} Be6 {[%emt 0:01:07]} 18. O-O {[%emt 0:06:20]} Rad8 {[%emt 0:01:06]} 19. Na5 {[%emt 0:00:56]} Bc8 {[%emt 0:00:24]} 20. Bc4 {[%emt 0:02:32]} Kg7 {[%emt 0:06:40]} 21. Rae1 {[%emt 0:03:21]} e6 {[%emt 0:01:21]} 22. Bb3 {[%emt 0:04:26]} Ne8 {[%emt 0:10:54]} 23. Rf3 {[%emt 0:08:51]} f6 {[%emt 0:01:24]} 24. Nd3 {[%emt 0:00:41]} e5 {[%emt 0:02:37]} 25. dxe5 {[%emt 0:04:17]} Bg4 {[%emt 0:00:29]} 26. exf6+ {[%emt 0:01:41]} Nxf6 {[%emt 0:00:05]} 27. Rg3 {[%emt 0:00:34]} Bd2 {[%emt 0:00:12]} 28. Ree3 {[%emt 0:04:06]} Bxe3+ {[%emt 0:00:27]} 29. Rxe3 {[%emt 0:00:02]} Bc8 {[%emt 0:01:30]} 30. e5 {[%emt 0:01:58]} Ng4 {[%emt 0:00:25]} 31. Rg3 {[%emt 0:00:17]} Bf5 {[%emt 0:00:36]} 32. Nf4 {[%emt 0:01:03]} Rd2 {[%emt 0:00:49]} 33. Nc4 {[%emt 0:00:54]} Rfd8 {[%emt 0:03:38]} 34. Nxd2 {[%emt 0:00:15]} Rxd2 {[%emt 0:00:03]} 35. Kf1 {[%emt 0:00:56]} Rf2+ {[%emt 0:00:14]} 36. Ke1 {[%emt 0:00:21]} Rxf4 {[%emt 0:00:06]} 37. Kd1 {[%emt 0:00:45]} Nxe5 {[%emt 0:00:22]} 0-1